Anakku Zami

Bibliographic Details
Main Author: Amril Shah
Corporate Author: Title
Format: Book
Published: Selangor : Cerdik Publications , 2006
Series:Novel kanak-kanak
Subjects:

MARC

LEADER 00000cam a2200000 7i4500
001 0000000776
005 20151222.0
008 070703
020 |a 983702027X 
090 0 0 |a JF   |b MAL (467) 
100 0 |a Amril Shah 
245 1 0 |a Anakku Zami   |c Amril Shah 
260 |a Selangor :   |b Cerdik Publications ,   |c 2006 
440 |a Novel kanak-kanak 
500 |a Children ages 7-9 years old (orange) 
650 0 |a Junior fiction   |x Malay   |x Languages 
710 0 |a Title 
999 |a 0000959301   |b Book   |c Children Collection   |e Cawangan Tmn. Ungku Tun Aminah 
999 |a 0000959302   |b Book   |c Children Collection   |e Perbadanan Perpustakaan Awam Johor 
999 |a 0000959303   |b Book   |c Children Collection   |e Perbadanan Perpustakaan Awam Johor 
999 |a 0000959304   |b Book   |c Children Collection   |e Perbadanan Perpustakaan Awam Johor 
999 |a 0000959306   |b Book   |c Children Collection   |e Perbadanan Perpustakaan Awam Johor